• 首页
  • 本馆介绍
  • 公告通知
  • 最新文献
  • 馆藏检索
  • 电子资源
  • 读者导购
  • 参考咨询
  • 我的图书馆
  • 登录
  • 详细信息显示
  • 放入我的书架
  • 预约/预借图书
  • 作者相关作品
  • 分类相关作品
  • 丛书相关作品
  • 出版社相关作品

书目信息

  • 表格格式
  • 工作单格式
  • 卡片格式
书名: Bridges in China, old and new
作者: Mao Yi-sheng.
分册号:
分册名:
出版地: Peking :
 
出版社: Foreign Languages Press
出版时间: 1978.
页数: 39 p., [24] leaves of plates :
开本: 27 cm.
丛书名:
中图分类号:
科图分类号:
其他分类号: J416
主题词:
电子资源:
000 00765nam 2200253 i 45x0
001 E0740278544
003 OCoLC
005 20070727092001.31
008 030428s1978 cc af 000 0 eng
010    @a 78106325
040    @aDLC@cDLC
043    @aa-cc---
050 00 @aTG101@b.M36
082    @a624.2/0951
090    @aX664/W1
090    @aJ416
099    @dJ416@ex9
100 1  @aMao, Yi-sheng,@d1896-
245 10 @aBridges in China, old and new :@bfrom the ancient Chaochow Bridge to the modern Nanking Bridge over the Yangtze / @cMao Yi-sheng.
250    @a1st ed.
260    @aPeking :@bForeign Languages Press,@c1978.
300    @a39 p., [24] leaves of plates :@bill. ;@c27 cm.
650  0 @aBridges@zChina.
920    @a232010@z2
    
    Bridges in China, old and new : : from the ancient Chaochow Bridge to the modern Nanking Bridge over the Yangtze / / Mao Yi-sheng.-1st ed.-Peking : : Foreign Languages Press, , 1978.
    39 p., [24] leaves of plates : : ill. ; ; 27 cm.
    
    
    ISBN
    
●
相关链接 在E读中查询图书 在五车中查询图书 在当当中查询图书 在豆瓣中查询图书


正题名:Bridges in China, old and new     索取号:J416/x9         预约/预借

序号 登录号 条形码 馆藏地/架位号 状态 备注
1 01619   000572561   第四借阅区/ [索取号:J416/x9] 在馆    
2 13669   300136699   密集书库/ [索取号:J416/x9] 在馆    
3 1618   202458599   第四借阅区/ [索取号:J416/x9] 在馆    
唐山师范学院图书馆 欢迎您!
大连网信软件有限公司© 版权所有